000 00580nam a2200181 4500
001 108661
003 ES-MaACL
005 20231227201904.0
007 t|
008 061121s1962 sp r ||||1| spa d
100 1 _aMontherlant, Henry de.
_982641
245 1 3 _aEl Cardenal de España
_b: Drama en tres actos /
_cHenry de Montherlant; versión castellana de José López Rubio.
260 _aMadrid :
_bAguilar,
_c1962.
300 _a207 p. ;
_c19 cm.
700 1 _aLópez Rubio, José,
_d1903-1996
_973939
852 _aES-MaACL
_jC-22047
_bR.50034
999 _c108661
_d108661